[Event "GMA Baleares Open"]
[Site "Palma de Mallorca"]
[Date "1989.??.??"]
[Round "4"]
[White "Ballester Sanz, Joaquin"]
[Black "Vreeken, Corry"]
[Result "1-0"]
[WhiteElo "2250"]
[BlackElo "2180"]

1.e4 e5 2.Nf3 Nc6 3.Bb5 a6 4.Ba4 Nf6 5.O-O b5 6.Bb3 Bb7 7.Re1 Bc5 8.c3 d6
9.d4 Bb6 10.a4 h6 11.Qd3 O-O 12.Nbd2 Re8 13.d5 Na5 14.Bc2 c6 15.b4 Nc4 16.dxc6 Bxc6
17.Nxc4 bxc4 18.Qxc4 Bb7 19.Qe2 Rc8 20.c4 a5 21.b5 Nd7 22.Nd2 Bd4 23.Ra3 Qc7
24.Rg3 Nf6 25.Qf3 Kh8 26.Nb3 Re6 27.Bd3 Rce8 28.Bd2 Bb6 29.Qf5 Ng8 30.Qh5 Rf6
31.Be3 Bxe3 32.Rgxe3 Rg6 33.Rg3 Nf6 34.Qe2 Rxg3 35.hxg3 Nd7 36.Qe3 Ra8 37.Rc1 Nb6
38.c5 Nxa4 39.c6 Bc8 40.Ra1 Be6 41.Rxa4 Bxb3 42.Ra1 a4 43.Be2 Ra5 44.Rc1 Be6
45.f4 a3 46.f5 a2 47.Ra1 Bc8 48.Kh2 d5 49.Qb3  1-0

[Event "GMA Baleares Open"]
[Site "Palma de Mallorca"]
[Date "1989.??.??"]
[Round "6"]
[White "Brustman, Agnieszka"]
[Black "Vreeken, Corry"]
[Result "1-0"]
[WhiteElo "2305"]
[BlackElo "2180"]

1.e4 e5 2.Nf3 Nc6 3.Bb5 a6 4.Ba4 Nf6 5.O-O b5 6.Bb3 Bb7 7.c3 Nxe4 8.d4 d5
9.dxe5 Na5 10.Nbd2 Nxb3 11.Nxb3 c5 12.Be3 Be7 13.Ne1 Qc7 14.f3 Ng5 15.Qd2 h6
16.Qf2 Rc8 17.Qg3 g6 18.Rd1 Qd8 19.f4 Ne4 20.Qg4 Qd7 21.f5 Bg5 22.Bxg5 gxf5
23.Rxf5 hxg5 24.Nf3 Rg8 25.h4 Rc7 26.e6 fxe6 27.Re5 Bc8 28.Rxe4 Qh7 29.Rxe6+ Bxe6
30.Qxe6+ Kf8 31.Nxg5 Qxh4 32.Rf1+ Kg7 33.Qf6+  1-0

[Event "Paris-Elo (Women)"]
[Site "Paris"]
[Date "1989.??.??"]
[Round "?"]
[White "Coudray, Carine"]
[Black "Flear, Christine"]
[Result "1-0"]
[WhiteElo "1690"]
[BlackElo "2170"]

1.e4 e5 2.Nf3 Nc6 3.Bb5 a6 4.Ba4 Nf6 5.O-O b5 6.Bb3 Bb7 7.Re1 Bc5 8.h3 d6
9.d3 h6 10.c3 O-O 11.Nbd2 Kh7 12.Nf1 Bb6 13.Be3 Bxe3 14.Nxe3 Ne7 15.a4 Ng6
16.axb5 axb5 17.Rxa8 Bxa8 18.Kh2 Qd7 19.Qd2 Nf4 20.Ng1 g6 21.Bd1 c5 22.Ng4 Nxg4+
23.Bxg4 f5 24.Bf3 fxe4 25.Bxe4 d5 26.Bf3 Qf5 27.d4 cxd4 28.cxd4 e4 29.Bg4 Qg5
30.f3 h5 31.Bd7 h4 32.Bg4 Nxh3 33.Qxg5 Nxg5 34.fxe4 dxe4 35.Nh3 Nxh3 36.Kxh3 Rd8
37.Kxh4 Rxd4 38.Kg5 Rd5+ 39.Kf6 Rd6+ 40.Be6 Rxe6+ 41.Kxe6 Kh6 42.Kf6 Kh5
43.Re3 Kg4 44.g3 g5 45.Ke5 Kh3 46.Kf5 Kg2 47.Kxg5 Kf2 48.Kf4 Bd5 49.g4 b4
50.Rxe4 b3 51.Re7 Bc4 52.g5 Bd3 53.Re3 Bc4 54.g6 Bd5 55.g7 Bc4 56.Re8  1-0

[Event "Paris-Elo (Women)"]
[Site "Paris"]
[Date "1989.??.??"]
[Round "?"]
[White "Piquemal, Christianne"]
[Black "Flear, Christine"]
[Result "1/2-1/2"]
[WhiteElo "1860"]
[BlackElo "2170"]

1.e4 e5 2.Nf3 Nc6 3.Bb5 a6 4.Ba4 Nf6 5.O-O b5 6.Bb3 Bb7 7.Re1 Bc5 8.d3 d6
9.Bg5 h6 10.Be3 Bxe3 11.Rxe3 Qd7 12.Nh4  1/2-1/2

[Event "World op"]
[Site "Philadelphia"]
[Date "1989.??.??"]
[Round "10"]
[White "Young, Ronald"]
[Black "Schulien, Charles"]
[Result "0-1"]
[WhiteElo "2285"]
[BlackElo "2320"]

1.e4 e5 2.Nf3 Nc6 3.Bb5 a6 4.Ba4 Nf6 5.O-O b5 6.Bb3 Bb7 7.Re1 Bc5 8.c3 d6
9.d4 Bb6 10.a4 h6 11.Nh4 O-O 12.Qf3 Na5 13.Bd1 exd4 14.Nf5 Nxe4 15.Qg4 Qf6
16.Nxh6+ Kh8 17.Nf5 Rae8 18.Bc2 d3 19.Bxd3 Bxf2+ 20.Kh1 Bxe1 21.Qh5+ Kg8  0-1

[Event "SWE-FIN"]
[Site "?"]
[Date "1989.??.??"]
[Round "2"]
[White "Brynell, Stellan"]
[Black "Rantanen, Yrjo A"]
[Result "1-0"]
[WhiteElo "2485"]
[BlackElo "2380"]

1.e4 e5 2.Nf3 Nc6 3.Bb5 a6 4.Ba4 Nf6 5.O-O b5 6.Bb3 Bb7 7.Re1 Bc5 8.c3 O-O
9.d4 Bb6 10.Bg5 h6 11.Bh4 d6 12.a4 exd4 13.cxd4 Re8 14.axb5 axb5 15.Rxa8 Bxa8
16.Nc3 g5 17.Bxg5 hxg5 18.Nxg5 Re7 19.Nd5 Nxd5 20.Qh5 Bxd4 21.Bxd5 Qe8 22.Re3 Bg7
23.Rg3 Ne5 24.Qh7+ Kf8 25.Qh8+  1-0

[Event "Zenica"]
[Site "Zenica"]
[Date "1989.??.??"]
[Round "10"]
[White "Renet, Olivier"]
[Black "Mikhalchishin, Adrian"]
[Result "1/2-1/2"]
[WhiteElo "2480"]
[BlackElo "2475"]

1.e4 e5 2.Nf3 Nc6 3.Bb5 a6 4.Ba4 Nf6 5.O-O b5 6.Bb3 Bb7 7.c3 Nxe4 8.d4 Na5
9.Bc2 exd4 10.b4 Nc4 11.Bxe4 Bxe4 12.Re1  1/2-1/2

[Event "OHRA-A"]
[Site "Amsterdam"]
[Date "1990.??.??"]
[Round "4"]
[White "Van der Wiel, John TH"]
[Black "Beliavsky, Alexander G"]
[Result "1/2-1/2"]
[WhiteElo "2555"]
[BlackElo "2605"]

1.e4 e5 2.Nf3 Nc6 3.Bb5 a6 4.Ba4 Nf6 5.O-O b5 6.Bb3 Bb7 7.Re1 Bc5 8.c3 d6
9.d4 Bb6 10.Bg5 h6 11.Bh4 g5 12.Bg3 O-O 13.dxe5 Nxe5 14.Nxe5 dxe5 15.Qf3 Re8
16.Nd2 Qe7 17.h3 Nd7 18.Nf1 Qf6 19.Nh2 Qxf3 20.Nxf3 Kg7 21.Rad1 Re7 22.Kf1 a5
23.Bc2 b4 24.Nh2 h5 25.h4 g4 26.Kg1 bxc3 27.bxc3 Nc5 28.Nf1 Ree8 29.Kh2 a4
30.f3 gxf3 31.gxf3 Ba5 32.Bf2 Ne6 33.Ng3 Bxc3 34.Rg1 Kf8 35.Nf5 Red8 36.Be3 Rxd1
37.Bh6+ Ke8 38.Rg8+ Kd7 39.Rxa8 Rf1 40.Bxa4+ c6 41.Rb8 Kc7 42.Re8 Rxf3 43.Re7+ Kb6
44.Bd1 Rf2+ 45.Kg3 Rxa2 46.Bxh5 Be1+ 47.Kh3 Ba6 48.Be3+ c5 49.Bxf7 Bf1+  1/2-1/2

[Event "Belgrade-A"]
[Site "Belgrade"]
[Date "1990.??.??"]
[Round "8"]
[White "Zakic, Srdjan"]
[Black "Grigorov, Jordan N"]
[Result "0-1"]
[WhiteElo "2355"]
[BlackElo "2385"]

1.e4 e5 2.Nf3 Nc6 3.Bb5 a6 4.Ba4 Nf6 5.O-O b5 6.Bb3 Bb7 7.d3 Be7 8.c4 bxc4
9.Bxc4 O-O 10.Nc3 d6 11.a3 Nd4 12.b4 d5 13.exd5 Nxd5 14.Nxd5 Bxd5 15.Nxe5 Bf6
16.f4 Qd6 17.Bb2 Be6 18.Bxe6 fxe6 19.Nc4 Qd5 20.Kh1 Rad8 21.Ne3 Qb5 22.Ng4 Be7
23.Rc1 Nf5 24.Qe2 Rd6 25.Rxc7 Bd8 26.Rc4 Bb6 27.Rfc1 Ng3+ 28.hxg3 Qh5+ 29.Nh2 Qxe2
30.Be5 Rxd3 31.Nf3 Rfd8 32.Rc8 Rd1+ 33.Kh2 Rxc1 34.Rxc1 h6 35.Rc6 Rd2 36.Kh3 Bd8
37.Rc8 Kh7  0-1

[Event "Blackpool zt"]
[Site "Blackpool"]
[Date "1990.??.??"]
[Round "?"]
[White "King, Daniel J"]
[Black "Hynes, Kilian A"]
[Result "1/2-1/2"]
[WhiteElo "2515"]
[BlackElo "2240"]

1.e4 e5 2.Nf3 Nc6 3.Bb5 a6 4.Ba4 Nf6 5.O-O b5 6.Bb3 Bb7 7.d3 Be7 8.c4 b4
9.Ba4 d6 10.a3 bxa3 11.Rxa3 O-O 12.Bxc6 Bxc6 13.Nc3 Qd7 14.Re1 Rfb8 15.d4 exd4
16.Nxd4 Bb7 17.Nf5 Bf8 18.Nd5 Bxd5 19.cxd5 Rb4 20.Nd4 Re8 21.f3 Nxd5 22.Nc2 Rc4
23.Bd2 Nb6 24.Ne3 Rc5 25.Rxa6 Qb5 26.Ra2 Nc4 27.Nxc4 Qxc4 28.Ra4 Qc2 29.Bc3 Qxd1
30.Rxd1 g6 31.Rd5 Rxd5 32.exd5 Bg7 33.Rc4 Bxc3 34.bxc3 Re7 35.g4 h6 36.f4 f5
37.h3 Kf7 38.Kf2 Kf6 39.Kf3 g5 40.Ra4 Re1 41.Rc4  1/2-1/2

[Event "Bordeaux"]
[Site "Bordeaux"]
[Date "1990.??.??"]
[Round "6"]
[White "Garrido, D."]
[Black "Rausis, Igors"]
[Result "0-1"]
[WhiteElo "2250"]
[BlackElo "2470"]

1.e4 e5 2.Nf3 Nc6 3.Bb5 a6 4.Ba4 Nf6 5.O-O b5 6.Bb3 Bb7 7.Re1 Bc5 8.c3 O-O
9.d4 Bb6 10.Bg5 Re8 11.d5 Na5 12.Nbd2 c6 13.dxc6 dxc6 14.Bc2 c5 15.Nf1 Nc4
16.Qc1 h6 17.Bh4 Nd6 18.Ng3 Re6 19.Nf5 Qe8 20.Bxf6 Rxf6 21.Nxd6 Rxd6 22.Qe3 c4
23.Qe2 Bc8 24.h3 Rg6 25.Kh1 Qe7 26.Rad1 Qc5 27.Rd5 Qxf2 28.Qxf2 Bxf2 29.Rd8+ Kh7
30.Red1 Bb6 31.Re8 Bxh3 32.Nxe5 Bxg2+ 33.Kh2 Bc7 34.Rxa8 Bxe5+ 35.Kg1  0-1

[Event "Noviki-B"]
[Site "Budapest"]
[Date "1990.??.??"]
[Round "1"]
[White "Cladouras, Panagiotis"]
[Black "Mikhalchishin, Adrian"]
[Result "1/2-1/2"]
[WhiteElo "2410"]
[BlackElo "2485"]

1.e4 e5 2.Nf3 Nc6 3.Bb5 a6 4.Ba4 Nf6 5.O-O b5 6.Bb3 Bb7 7.Re1 Bc5 8.c3 d6
9.d4 Bb6 10.Bg5 h6 11.Bh4 g5 12.Bg3 O-O 13.Qd3 Nh5 14.Nbd2 Nxg3 15.hxg3 Qf6
16.Bd5 g4 17.Nh4 Rae8  1/2-1/2

[Event "Budapest IM-B"]
[Site "Budapest"]
[Date "1990.??.??"]
[Round "6"]
[White "Dovzik, Juri"]
[Black "Vujosevic, Vladimir"]
[Result "1-0"]
[WhiteElo "2410"]
[BlackElo "2340"]

1.e4 e5 2.Nf3 Nc6 3.Bb5 a6 4.Ba4 Nf6 5.O-O b5 6.Bb3 Bb7 7.d4 Nxd4 8.Bxf7+ Kxf7
9.Nxe5+ Kg8 10.Qxd4 c5 11.Qd1 Qe8 12.Ng4 Nxg4 13.Qxg4 h5 14.Qh3 Qxe4 15.Nc3 Qg6
16.Bf4 d5 17.Rae1 d4 18.Ne2 Qxc2 19.Qe6+ Kh7 20.Nxd4 cxd4 21.Qf7 Qc6 22.f3 Bd6
23.Bxd6 Qxd6 24.Re6 Qd5 25.Qg6+ Kg8 26.Re7  1-0

[Event "Noviki-B"]
[Site "Budapest"]
[Date "1990.??.??"]
[Round "8"]
[White "Szalanczy, Emil"]
[Black "Mikhalchishin, Adrian"]
[Result "1/2-1/2"]
[WhiteElo "2420"]
[BlackElo "2485"]

1.e4 e5 2.Nf3 Nc6 3.Bb5 a6 4.Ba4 Nf6 5.O-O b5 6.Bb3 Bb7 7.Re1 Bc5 8.c3 d6
9.d4 Bb6 10.Qd3 h6 11.Nbd2 O-O 12.d5 Ne7 13.Nf1 c6 14.dxc6 Bxc6 15.Ng3 Qc7
16.Be3 Rad8 17.Bxb6 Qxb6 18.Qe3 Qb7 19.Nh4 Kh7 20.Bc2 g6 21.h3 Nc8 22.Rad1 Qb6
23.Qf3 Ng8 24.Bb3 Qc7 25.Qe3 Qe7 26.Nf3 Nf6 27.Rd2 Nd7 28.Red1 Nc5 29.Bc2 Nb6
30.b3 Rfe8 31.Nh2 h5 32.Nf3 Kg7 33.h4 Nc8 34.Qg5 Qxg5 35.Nxg5 Re7 36.b4 Ne6
37.Nxe6+ Rxe6 38.Bb3 Re7 39.c4 Red7 40.cxb5 axb5 41.Bd5 Ne7 42.Bb3 d5 43.exd5 Nxd5
44.Bxd5 Rxd5 45.Rxd5 Rxd5 46.Rxd5 Bxd5 47.a3 Kf6 48.Ne2 Ke6  1/2-1/2

[Event "Dortmund-C"]
[Site "Dortmund"]
[Date "1990.??.??"]
[Round "?"]
[White "Rigo, Janos"]
[Black "Rausis, Igors"]
[Result "1-0"]
[WhiteElo "2385"]
[BlackElo "2470"]

1.e4 e5 2.Nf3 Nc6 3.Bb5 a6 4.Ba4 Nf6 5.O-O b5 6.Bb3 Bb7 7.d3 Be7 8.a4 O-O
9.axb5 axb5 10.Rxa8 Bxa8 11.Nc3 b4 12.Nd5 Na5 13.Nxe7+ Qxe7 14.Ba2 h6 15.c3 bxc3
16.bxc3 Bc6 17.Nh4 Qc5 18.Nf5 Kh7 19.Qd2 Ng8 20.d4 exd4 21.cxd4 Qa7 22.d5 Ba8
23.Qc3 f6 24.Be3 c5 25.Bxc5 Qc7 26.Qe3 Rc8 27.Bb6 Nc4 28.Bxc4 Qxc4 29.Nd6 Qc2
30.Nxc8 Qxc8 31.Rc1 Qa6 32.Qd4 f5 33.Ra1 Qc8 34.Qe5  1-0

[Event "Dortmund op"]
[Site "Dortmund"]
[Date "1990.??.??"]
[Round "5"]
[White "Smagin, Sergey"]
[Black "Mikhalchishin, Adrian"]
[Result "1/2-1/2"]
[WhiteElo "2520"]
[BlackElo "2485"]

1.e4 e5 2.Nf3 Nc6 3.Bb5 a6 4.Ba4 Nf6 5.O-O b5 6.Bb3 Bb7 7.d3 Be7 8.Re1 O-O
9.Nbd2 h6 10.Nf1 Re8 11.Ng3 Bf8 12.Bd2 d5 13.exd5 Nxd5 14.Ne4 Nf6 15.Qe2 Nd4
16.Nxd4 exd4 17.Qf3 Rb8 18.a4 Bxe4 19.dxe4 Bd6 20.axb5 axb5 21.Bf4 Be5 22.Bxe5 Rxe5
23.Qf4 Qe7  1/2-1/2

[Event "Dortmund op"]
[Site "Dortmund"]
[Date "1990.??.??"]
[Round "11"]
[White "Prandstetter, Eduard"]
[Black "Mikhalchishin, Adrian"]
[Result "0-1"]
[WhiteElo "2400"]
[BlackElo "2485"]

1.e4 e5 2.Nf3 Nc6 3.Bb5 a6 4.Ba4 Nf6 5.O-O b5 6.Bb3 Bb7 7.Re1 Bc5 8.c3 d6
9.d4 Bb6 10.Bg5 h6 11.Bh4 g5 12.Bg3 O-O 13.h4 g4 14.Nh2 h5 15.Qc1 Kh7 16.Qg5 Rg8
17.Qf5+ Kh8 18.dxe5 Nxe5 19.Bxe5 dxe5 20.Qxe5 Qd6 21.Qxd6 cxd6 22.g3 Nxe4
23.Re2 Nxg3 24.Re7 Bc6 25.Nd2 Nf5 26.Rxf7 Raf8 27.Nhf1 g3 28.Nxg3 Rxg3+ 29.Kf1 Rxf7
30.Bxf7 Rg2  0-1

[Event "BCF-ch"]
[Site "Eastbourne"]
[Date "1990.??.??"]
[Round "?"]
[White "Howell, James C"]
[Black "Littlewood, John Eric"]
[Result "1-0"]
[WhiteElo "2450"]
[BlackElo "2320"]

1.e4 e5 2.Nf3 Nc6 3.Bb5 a6 4.Ba4 Nf6 5.O-O b5 6.Bb3 Bb7 7.c3 Qe7 8.d4 d6
9.a4 b4 10.Re1 g6 11.Ng5 Nd8 12.cxb4 Bg7 13.Nc3 O-O 14.Nf3 Nc6 15.Nd5 Nxd5
16.Bxd5 exd4 17.Bg5 Qd7 18.Qd2 Rab8 19.Bh6 Ne5 20.Bxg7 Nxf3+ 21.gxf3 Kxg7
22.Qxd4+ Kg8 23.Bc4 Rfe8 24.Kh1 Re5 25.Rg1 Rbe8 26.Rg2 Qh3 27.Rg3 Qh4 28.Rag1 Ba8
29.Rg4 Qf6 30.Qc3 Kg7 31.a5 Bb7 32.R1g2 h5 33.R4g3 R8e7 34.Rg1 Kh7 35.R1g2 Qf4
36.Qe3 Qh4 37.Bxf7 Rxf7 38.Rxg6 Rf4 39.Rg7+ Kh8 40.Rg8+ Kh7 41.R2g7+ Kh6
42.Rg4 Qxg4 43.Rxg4 hxg4 44.Qxf4+  1-0

[Event "SWE-FIN"]
[Site "Eksjo"]
[Date "1990.??.??"]
[Round "2"]
[White "Hellers, Ferdinand"]
[Black "Rantanen, Yrjo A"]
[Result "1-0"]
[WhiteElo "2520"]
[BlackElo "2420"]

1.e4 e5 2.Nf3 Nc6 3.Bb5 a6 4.Ba4 Nf6 5.O-O b5 6.Bb3 Bb7 7.c3 Nxe4 8.d4 Na5
9.Bc2 exd4 10.b4 Nc4 11.Bxe4 Bxe4 12.Re1 d5 13.Nxd4 c5 14.bxc5 Bxc5 15.f3 O-O
16.fxe4 dxe4 17.Rxe4 Qd5 18.Qf3 b4 19.Kf1 Rad8 20.Nb3 Ba7 21.N1d2 Ne5 22.Qe2 Nd3
23.c4 Qa8 24.Nf3 Nf2 25.Re7 Rfe8 26.Bg5 Rxe7 27.Bxe7 Re8 28.Re1 Ng4 29.c5 Qb7
30.Qd3 g6 31.h3 Nh6 32.Bg5 Rxe1+ 33.Kxe1 Nf5 34.Qd8+ Kg7 35.Bf6+  1-0

[Event "Ermua"]
[Site "Ermua"]
[Date "1990.??.??"]
[Round "3"]
[White "Pastor Pons, Carlos"]
[Black "Alvarez Ibarra, D Rafael"]
[Result "1/2-1/2"]
[WhiteElo "2260"]
[BlackElo "2385"]

1.e4 e5 2.Nf3 Nc6 3.Bb5 a6 4.Ba4 Nf6 5.O-O b5 6.Bb3 Bb7 7.d3 Bd6 8.a4 h6
9.c3 O-O 10.Nh4 Nxe4 11.Ng6 Nc5 12.Nxf8 Nxb3 13.Qxb3 Bxf8 14.axb5 axb5 15.Rxa8 Qxa8
16.Qc2 Ne7 17.f3 Nd5 18.Qf2 Qa6 19.f4 exf4 20.Bxf4 Nxf4 21.Qxf4 Qg6 22.Qg3 Bc5+
23.d4 Qxg3 24.hxg3 Bd6 25.Kh2 f6 26.Nd2 Kf7 27.Re1 Bd5 28.Ne4 Be7 29.Nc5 Bxc5
30.dxc5 c6 31.g4 Be6  1/2-1/2

[Event "Forli op"]
[Site "Forli"]
[Date "1990.??.??"]
[Round "3"]
[White "Guerra, Ugo"]
[Black "Hug, Werner"]
[Result "1/2-1/2"]
[WhiteElo "2340"]
[BlackElo "2445"]

1.e4 e5 2.Nf3 Nc6 3.Bb5 a6 4.Ba4 Nf6 5.O-O b5 6.Bb3 Bb7 7.Re1 Bc5 8.c3 d6
9.d4 Bb6 10.a4 O-O 11.Bg5 h6 12.Bh4 Re8 13.axb5 axb5 14.Rxa8 Bxa8 15.Na3 exd4
16.Nxb5 g5 17.Bg3 Nxe4 18.Nbxd4 Nxg3 19.hxg3 Nxd4 20.Nxd4 Re5 21.Rxe5 dxe5
22.Qc2 Qf6 23.Nf5 Bc5 24.Ba4 e4 25.g4 h5 26.Qd1 hxg4 27.Qxg4 Bd5 28.Bc2 Be6
29.Bxe4 Bxf5 30.Bxf5 Bd6 31.Qh3 Be5  1/2-1/2

[Event "Groningen"]
[Site "Groningen"]
[Date "1990.??.??"]
[Round "?"]
[White "Fedorowicz, John P"]
[Black "Gulko, Boris F"]
[Result "1/2-1/2"]
[WhiteElo "2565"]
[BlackElo "2600"]

1.e4 e5 2.Nf3 Nc6 3.Bb5 a6 4.Ba4 Nf6 5.O-O b5 6.Bb3 Bb7 7.Re1 Bc5 8.c3 d6
9.a4 O-O 10.d4 Bb6 11.axb5 axb5 12.Rxa8 Bxa8 13.Na3 exd4 14.cxd4 Na5 15.Bg5 Re8
16.Bd5 b4 17.Bxf6 Qxf6 18.Qa4 Kf8 19.Bxa8 bxa3 20.Bd5 axb2 21.Qb4 c6 22.Ba2 Bc7
23.Qxb2 d5 24.Ne5 Qd6 25.exd5 f6 26.f4 cxd5 27.Rf1 Kg8 28.Qb5 Rd8 29.Nf3 Nc6
30.Re1 Ne7  1/2-1/2

[Event "Groningen op"]
[Site "Groningen"]
[Date "1990.??.??"]
[Round "7"]
[White "Vehi Bach, Victor Manuel"]
[Black "Mikhalchishin, Adrian"]
[Result "1/2-1/2"]
[WhiteElo "2400"]
[BlackElo "2510"]

1.e4 e5 2.Nf3 Nc6 3.Bb5 a6 4.Ba4 Nf6 5.O-O b5 6.Bb3 Bb7 7.c3 Nxe4 8.d4 Na5
9.Bc2 exd4 10.b4 Nc4 11.Bxe4 Bxe4 12.Re1 d5 13.Nxd4 c5 14.bxc5 Bxc5 15.f3 O-O
16.fxe4 dxe4 17.Rxe4 Qd5 18.Rh4 Rad8 19.Nd2 Ne3 20.Qf3 Nf5 21.Qxd5 Rxd5 22.Rh5 g6
23.Rxf5 Rxf5 24.Nf3 Re8 25.Kf1 Rd5 26.Bd2 Bf8 27.Re1 Rxe1+ 28.Kxe1 b4 29.Nb3 bxc3
30.Bxc3 Bg7 31.Bd2 h6 32.Ke2 g5 33.h3 f5 34.g3 Kf7 35.Ke3 Bf6 36.g4 Kg6 37.Nbd4 fxg4
38.hxg4 Bxd4+ 39.Nxd4 h5 40.Ke4 Rc5 41.gxh5+ Kxh5 42.Ne6  1/2-1/2

[Event "Groningen op"]
[Site "Groningen"]
[Date "1990.??.??"]
[Round "9"]
[White "Los, Sander"]
[Black "Malaniuk, Vladimir P"]
[Result "0-1"]
[WhiteElo "2355"]
[BlackElo "2480"]

1.e4 e5 2.Nf3 Nc6 3.Bb5 a6 4.Ba4 Nf6 5.O-O b5 6.Bb3 Bb7 7.d3 Bd6 8.Nc3 h6
9.a4 b4 10.Ne2 Na5 11.Ba2 O-O 12.Ng3 Re8 13.h3 Bf8 14.Nh2 d5 15.Qf3 c5 16.Ng4 Re6
17.Ne3 b3 18.cxb3 Nc6 19.b4 Nxb4 20.Bb1 a5 21.Ngf5 g6 22.Ng3 h5 23.Re1 h4
24.Ngf1 Nxd3 25.Bxd3 dxe4 26.Bxe4 Bxe4 27.Qe2 Bd3 28.Qd1 c4 29.Ng4 Nxg4 30.Qxg4 f5
31.Qf3 e4 32.Qd1 Bg7 33.Ne3 Rd6  0-1

[Event "Capablanca mem-C"]
[Site "Havana"]
[Date "1990.??.??"]
[Round "?"]
[White "Navarro, Roberto"]
[Black "Lugo, Blas"]
[Result "0-1"]
[WhiteElo "2370"]
[BlackElo "2305"]

1.e4 e5 2.Nf3 Nc6 3.Bb5 a6 4.Ba4 Nf6 5.O-O b5 6.Bb3 Bb7 7.Re1 Bc5 8.c3 d6
9.d4 Bb6 10.a4 h6 11.axb5 axb5 12.Rxa8 Qxa8 13.Na3 O-O 14.Nxb5 Na5 15.dxe5 dxe5
16.Bc2 Ng4 17.Nfd4 Qc8 18.h3 Nxf2 19.Kxf2 Rd8 20.b4 Nc6 21.Be3 exd4 22.Nxd4 Nxd4
23.cxd4 Qd7 24.d5 Qd6 25.b5 Ra8 26.Qf3 Ra3 27.e5 Qb4 28.Kf1 Qxe1+ 29.Kxe1 Rxe3+
30.Qxe3 Bxe3 31.Be4 Kf8 32.Ke2 Bd4  0-1

[Event "Helsinki SKF op"]
[Site "Helsinki"]
[Date "1990.??.??"]
[Round "?"]
[White "Wedberg, Tom"]
[Black "Ornstein, Axel"]
[Result "1-0"]
[WhiteElo "2485"]
[BlackElo "2445"]

1.e4 e5 2.Nf3 Nc6 3.Bb5 a6 4.Ba4 Nf6 5.O-O b5 6.Bb3 Bb7 7.Re1 Bc5 8.c3 d6
9.d4 Bb6 10.Bg5 h6 11.Bh4 Qe7 12.a4 g5 13.Bg3 O-O 14.Na3 bxa4 15.Bxa4 exd4
16.Nc4 Nxe4 17.Bxd6 cxd6 18.Nxb6 Rae8 19.Nd5 Qd8 20.Nxd4 Nxf2 21.Kxf2 Rxe1
22.Kxe1 Ne5 23.Nf5 Bxd5 24.Qxd5 Qb6 25.Rd1 Qg1+ 26.Ke2 Qxh2 27.Qe4 Rb8 28.b4 a5
29.Rxd6 axb4 30.Rxh6 Qf4 31.Ne7+ Kg7 32.Rh7+  1-0

[Event "FIN-ch"]
[Site "Helsinki"]
[Date "1990.??.??"]
[Round "4"]
[White "Nokso Koivisto, Antti"]
[Black "Rantanen, Yrjo A"]
[Result "1-0"]
[WhiteElo "2380"]
[BlackElo "2405"]

1.e4 e5 2.Nf3 Nc6 3.Bb5 a6 4.Ba4 Nf6 5.O-O b5 6.Bb3 Bb7 7.Re1 Bc5 8.c3 d6
9.d4 Bb6 10.a4 O-O 11.axb5 axb5 12.Rxa8 Bxa8 13.Na3 exd4 14.cxd4 Na5 15.Bc2 b4
16.Nb1 Re8 17.Nbd2 Bb7 18.h3 h6 19.b3 Qa8 20.e5 dxe5 21.dxe5 Qa7 22.Rf1 Nh7
23.Ne4 Qa8 24.Re1 Rd8 25.Nfd2 Bd4 26.Qh5 Bd5 27.Nf3 Bxb3 28.Bxb3 Nxb3 29.Bxh6 gxh6
30.Qxh6 Qd5 31.Nf6+ Nxf6 32.exf6 Bxf6 33.Qxf6 Nc5 34.Re5 Qd1+ 35.Kh2 Ne6
36.Ng5 Nxg5 37.Qxg5+ Kh7 38.Re4 Qd6+ 39.g3 Qg6 40.Rh4+  1-0

[Event "Kecskemet op2"]
[Site "Keckemeth"]
[Date "1990.??.??"]
[Round "?"]
[White "Moiseev, Viktor"]
[Black "Hauchard, Arnaud"]
[Result "1-0"]
[WhiteElo "2455"]
[BlackElo "2425"]

1.e4 e5 2.Nf3 Nc6 3.Bb5 a6 4.Ba4 Nf6 5.O-O b5 6.Bb3 Bb7 7.Re1 Bc5 8.c3 d6
9.d4 Bb6 10.Bg5 h6 11.Bh4 g5 12.Bg3 O-O 13.Qd3 Nh5 14.Bd5 Nxg3 15.hxg3 Qf6
16.Nbd2 exd4 17.Bxc6 Bxc6 18.Nxd4 Bd7 19.Nf1 c5 20.Nf5 Bxf5 21.exf5 c4 22.Qf3 b4
23.Nd2 d5 24.Qxd5 bxc3 25.bxc3 Qxc3 26.Ne4 Qa5 27.Qc6 Bd4 28.Rad1 Bg7 29.f6 Rfc8
30.Qd5 Qxd5 31.Rxd5 Bf8 32.Rc1 Rc6 33.Rd4 Rac8 34.Rc2 Kh7 35.Kf1 Kg6 36.g4 Bb4
37.Ke2 a5 38.f3 a4 39.g3 a3 40.f4 Ba5 41.fxg5 hxg5 42.Rd5 Re6 43.Rxg5+ Kh6
44.Rh5+ Kg6 45.Kf3 Rxe4 46.Kxe4 Be1 47.Kd4 c3 48.Ra5 Kxf6 49.Rxa3 Kg5 50.Ra7 Kxg4
51.Rxf7 Bd2 52.Kd3 Ra8 53.Kc4 Kxg3 54.Rf5 Kg4 55.Rb5 Kf3 56.Kb3 Ke2 57.a4 Kd1
58.a5 Ra7 59.Rxc3 Bxc3 60.Kxc3 Ke2 61.Kc4 Ke3 62.Rh5 Ra8 63.Kb5 Kd4 64.a6 Rb8+
65.Kc6 Rc8+ 66.Kb7 Rg8 67.Rh7  1-0

[Event "POL-ch (Women)"]
[Site "Konin"]
[Date "1990.??.??"]
[Round "9"]
[White "Dabrowska, Krystyna"]
[Black "Detko, Joanna"]
[Result "1-0"]
[WhiteElo "2160"]
[BlackElo "2090"]

1.e4 e5 2.Nf3 Nc6 3.Bb5 a6 4.Ba4 Nf6 5.O-O b5 6.Bb3 Bb7 7.d4 Nxd4 8.Nxd4 exd4
9.e5 Ne4 10.c3 dxc3 11.Qf3 Qe7 12.Nxc3 Nc5 13.Nd5 Bxd5 14.Bxd5 c6 15.Bxc6 O-O-O
16.Bd5 d6 17.Be3 Rd7 18.Rac1 Qxe5 19.b4 Kd8 20.bxc5 dxc5 21.Bc6 Bd6 22.g3 g5
23.Bxd7 Kxd7 24.Rfe1 Rc8 25.Qxf7+ Qe7 26.Qf5+ Qe6 27.Qxe6+ Kxe6 28.Bxc5+  1-0

[Event "Moscow4"]
[Site "Moscow"]
[Date "1990.??.??"]
[Round "?"]
[White "Kozlov, Vladimir N"]
[Black "Berkovich, Mark A"]
[Result "0-1"]
[WhiteElo "2375"]
[BlackElo "2345"]

1.e4 e5 2.Nf3 Nc6 3.Bb5 a6 4.Ba4 Nf6 5.O-O b5 6.Bb3 Bb7 7.Re1 Bc5 8.c3 d6
9.d4 Bb6 10.Bg5 h6 11.Bh4 Qd7 12.a4 O-O-O 13.axb5 axb5 14.Na3 g5 15.Bg3 h5
16.dxe5 Nxe5 17.Nxg5 Rhg8 18.h4 Nxe4 19.Rxe4 Rxg5 20.hxg5 Bxe4 21.Bd5 Bxd5
22.Qxd5 c6 23.Qe4 Qg4 24.Qxg4+ hxg4 25.Re1 Nd3 26.Re2 d5 27.Nc2 Kd7 28.Nd4 Nc5
29.Kf1 Ne4 30.Bf4 Rh8 31.Re1 b4 32.f3 Rh1+ 33.Ke2 Rxe1+ 34.Kxe1 bxc3  0-1

[Event "Munich"]
[Site "Munich"]
[Date "1990.??.??"]
[Round "?"]
[White "Huebner, Robert"]
[Black "Beliavsky, Alexander G"]
[Result "0-1"]
[WhiteElo "2595"]
[BlackElo "2640"]

1.e4 e5 2.Nf3 Nc6 3.Bb5 a6 4.Ba4 Nf6 5.O-O b5 6.Bb3 Bb7 7.Re1 Bc5 8.c3 O-O
9.d4 Bb6 10.Bg5 d6 11.Qd3 h6 12.Bh4 Na5 13.Bc2 c5 14.d5 c4 15.Qe2 g5 16.Nxg5 hxg5
17.Bxg5 Kg7 18.Qf3 Rh8 19.Nd2 Bc8 20.Nf1 Nb7 21.a4 Rb8 22.axb5 axb5 23.Ng3 Kg6
24.Nf5 Kxg5 25.Qg3+ Ng4 26.h4+ Kf6 27.Qxg4 Qg8 28.Qf3 Bxf5 29.Qxf5+ Ke7 30.Qh3 Qg6
31.g3 Nc5 32.Kf1 Qf6  0-1

[Event "Novi Sad ol (Men)"]
[Site "Novi Sad"]
[Date "1990.??.??"]
[Round "2"]
[White "Zapata, Alonso"]
[Black "Harandi, Khosro"]
[Result "0-1"]
[WhiteElo "2545"]
[BlackElo "2425"]

1.e4 e5 2.Nf3 Nc6 3.Bb5 a6 4.Ba4 Nf6 5.O-O b5 6.Bb3 Bb7 7.Re1 Bc5 8.c3 d6
9.d4 Bb6 10.Bg5 h6 11.Bh4 g5 12.Bg3 Qe7 13.a4 h5 14.axb5 axb5 15.Rxa8+ Bxa8
16.h4 g4 17.Ng5 Nd8 18.Na3 Nd7 19.d5 f6 20.Ne6 Nxe6 21.dxe6 Nc5 22.Bd5 c6
23.Ba2 Nxe6 24.Nc2 Bb7 25.Ne3 Ng7 26.Qd3 Qd7 27.Kh2 Ke7 28.Rf1 Bc8 29.f4 gxf3
30.Rxf3 Rh6 31.Bf2 Bxe3 32.Bxe3 Rg6 33.Bg5 Ne6 34.Qf1 Nxg5 35.hxg5 Rxg5 36.Rxf6 Rxg2+
37.Qxg2 Kxf6 38.Qf3+ Kg6 39.Qf8 Qh3+ 40.Kg1 Qe3+  0-1

[Event "Novi Sad ol (Men)"]
[Site "Novi Sad"]
[Date "1990.??.??"]
[Round "6"]
[White "O'Neill, Paul"]
[Black "Alzate, Dario"]
[Result "0-1"]
[WhiteElo "2235"]
[BlackElo "2385"]

1.e4 e5 2.Nf3 Nc6 3.Bb5 a6 4.Ba4 Nf6 5.O-O b5 6.Bb3 Bb7 7.Re1 Bc5 8.c3 d6
9.d4 Bb6 10.Bg5 h6 11.Bh4 g5 12.Bg3 Qe7 13.a4 h5 14.h4 g4 15.Ng5 Nd8 16.Nd2 Nd7
17.a5 Ba7 18.d5 f6 19.Ne6 Nxe6 20.dxe6 Nc5 21.Ba2 Nxe6 22.Nf1 Ng7 23.Qd3 Rf8
24.Ne3 Bxe3 25.fxe3 f5 26.exf5 Nxf5 27.e4 Nxh4 28.c4 Ng6 29.cxb5 h4 30.Bd5 hxg3  0-1

[Event "Novi Sad ol (Men)"]
[Site "Novi Sad"]
[Date "1990.??.??"]
[Round "7"]
[White "Hakki, Imad"]
[Black "Rantanen, Yrjo A"]
[Result "0-1"]
[WhiteElo "2320"]
[BlackElo "2420"]

1.e4 e5 2.Nf3 Nc6 3.Bb5 a6 4.Ba4 Nf6 5.O-O b5 6.Bb3 Bb7 7.Re1 Bc5 8.c3 d6
9.d4 Bb6 10.a4 O-O 11.Bg5 h6 12.Bh4 g5 13.Bg3 Ne7 14.Nbd2 exd4 15.Nxd4 c5
16.e5 cxd4 17.exf6 Nf5 18.Re7 Nxe7 19.Qh5 Nf5 20.Qg6+ Kh8 21.Qxf5 Qc8 22.Qd3 Qc6
23.f3 dxc3+ 24.Kh1 cxb2  0-1

[Event "Novi Sad ol (Men)"]
[Site "Novi Sad"]
[Date "1990.??.??"]
[Round "10"]
[White "Vasquez, Rodrigo"]
[Black "Nickoloff, Bryon"]
[Result "1-0"]
[WhiteElo "2415"]
[BlackElo "2430"]

1.e4 e5 2.Nf3 Nc6 3.Bb5 a6 4.Ba4 Nf6 5.O-O b5 6.Bb3 Bb7 7.c3 Nxe4 8.d4 Na5
9.Nxe5 Nxb3 10.Qxb3 Qf6 11.f3 Nc5 12.Qd1 Ne6 13.Re1 Bd6 14.Nd2 Bxe5 15.Rxe5 d6
16.Re1 O-O 17.Nf1 c5 18.Be3 Rac8 19.Rc1 cxd4 20.Bxd4 Nxd4 21.Qxd4 Qxd4+ 22.cxd4 Rxc1
23.Rxc1 Rc8 24.Rxc8+ Bxc8 25.Ne3 Kf8 26.Kf2 Ke7 27.Ke2 Be6 28.d5 Bc8 29.Kd3 Kd8
30.Kd4 Kc7 31.g4 Kd8 32.h4 h6 33.Ke4 Kc7 34.h5 Kb6 35.b4 Kc7 36.Nf5 Bxf5+
37.Kxf5 Kd7 38.f4 Kd8 39.g5 Ke7 40.gxh6 gxh6 41.a3 f6 42.Kg6 f5 43.Kg7  1-0